00636nam a2200181Ia 4500008004100000020003100041040001900072041001200091082003100103245006800134260003800202300001900240440004200259504005000301650005200351700002700403850002400430131103s9999 xx 000 0 und d a0-8161-8861-0cRs. 2401.70 aLoreto College aEnglish a821.8/BRO-GIBbLCLIB/42285 aCritical essays on Robert Browningcedited by Mary Ellis Gibson aNew YorkbG.K. Hall and Co.c1992 aix,275p., 24cm aCritical Essays on British Literature aIncludes bibliographical references and index aBrowning, Robert-criticism and interpretation  aGibson, Mary Ellis ed. aLCLIB/821.8/BRO-GIB